International Directory of Company Histories

Na minha lista:
Detalhes bibliográficos
Formato: Livro
Idioma:inglês
Publicado em: Detroit St. James Press 1992
Edição:1. ed.
Assuntos:
Tags: Adicionar Tag
Sem tags, seja o primeiro a adicionar uma tag!

MARC

LEADER 00000nam a2200000 4500
001 c020128
005 20240325095306.2
020 |a 1-55862-176-8 
041 0 |a eng 
044 |a US 
245 1 0 |a International Directory of Company Histories 
250 |a 1. ed. 
264 1 |a Detroit  |b St. James Press  |c 1992 
300 |a 748 s. 
610 2 0 |a firmy 
610 2 0 |a spoločnosti obchodné